[Event "Sant Andreu U14"]
[Site "Barcelona"]
[Date "2019.10.05"]
[Round "3"]
[White "Creixans Comerma, Pol"]
[Black "Navajas Alvarez, Josep"]
[Result "0-1"]
[WhiteElo "1796"]
[BlackElo "1731"]
[PlyCount "132"]
[EventDate "2019.09.14"]
[EventType "tourn"]
[EventRounds "9"]
[EventCountry "ESP"]
[SourceTitle "CBM 195 Extra"]
[Source "ChessBase"]
[SourceDate "2020.05.31"]
[SourceVersion "1"]
[SourceVersionDate "2020.05.31"]
[SourceQuality "1"]

1. d4 d5 2. c4 e6 3. cxd5 exd5 4. Nc3 c6 5. Qc2 Be7 6. Bf4 Nf6 7. e3 Nbd7 8. h3 Nf8 9. Bh2 Bd6 10. Bxd6 Qxd6 11. Nf3 Ng6 12. Bd3 Bd7 13. 0-0 0-0 14. Na4 Rae8 15. Nc5 Bc8 16. e4 dxe4 17. Nxe4 Nxe4 18. Bxe4 Re7 19. Rfe1 Rfe8 20. Rad1 Qf4 21. Ne5 Nxe5 22. Bxh7+ Kh8 23. Rxe5 Rxe5 24. dxe5 Qxe5 25. Bd3 Qg5 26. Kh1 Qh5 27. Bf1 Bf5 28. Qa4 Re4 29. Rd4 Qh4 30. Rxe4 Qxe4 31. Qd1 g6 32. Kg1 Qb1 33. Qd4+ Kg8 34. g4 Be6 35. h4 Bd5 36. a3 b5 37. f4 Bc4 38. Qf2 Bxf1 39. Qxf1 Qxb2 40. Qd3 Qc1+ 41. Kg2 Qxf4 42. Kh3 Qc4 43. Qd8+ Kg7 44. g5 Qe6+ 45. Kg3 Qe3+ 46. Kg4 Qg1+ 47. Kf3 Qf1+ 48. Kg3 Qe1+ 49. Kg2 Qxh4 50. Qf6+ Kg8 51. Qd8+ Kh7 52. Qf6 Qg4+ 53. Kh2 Qf5 54. Qxc6 Qxg5 55. Qc7 Qd2+ 56. Kg1 Qe3+ 57. Kg2 Kg7 58. Qa5 Qb6 59. Qc3+ f6 60. Qd3 Qc6+ 61. Kg3 g5 62. Qe3 Qd6+ 63. Kh3 a6 64. Qa7+ Kg6 65. Qe3 Qe5 66. Qd3+ Qf5+ 0-1

[Event "Roncana op-A 12th"]
[Site "Santa Eulalia de Roncana"]
[Date "2018.10.27"]
[Round "4"]
[White "Navajas Alvarez, Josep"]
[Black "Castillo Martinez, Aran"]
[Result "0-1"]
[WhiteElo "1698"]
[BlackElo "1965"]
[PlyCount "108"]
[EventDate "2018.09.29"]
[EventType "swiss"]
[EventRounds "8"]
[EventCountry "ESP"]
[SourceTitle "CBM 187 Extra"]
[Source "ChessBase"]
[SourceDate "2018.11.04"]
[SourceVersion "1"]
[SourceVersionDate "2018.11.04"]
[SourceQuality "1"]

1. e4 e5 2. Nf3 Nc6 3. c3 d5 4. Qa4 Bd7 5. exd5 Nd4 6. Qd1 Nxf3+ 7. Qxf3 Bd6 8. c4 Qe7 9. Nc3 f5 10. Qh5+ g6 11. Qd1 Nf6 12. Be2 0-0-0 13. a3 c6 14. dxc6 Bxc6 15. 0-0 e4 16. b4 Qe5 17. g3 f4 18. Bg4+ Kb8 19. Bh3 f3 20. b5 Qh5 21. Bg2 fxg2 22. Kxg2 Qxd1 23. Rxd1 Bd7 24. Bb2 Rhf8 25. Re1 Bf5 26. Na4 Bc7 27. Bc3 b6 28. c5 Rd5 29. Bb4 bxc5 30. Nxc5 Bd6 31. Na6+ Kb7 32. Bxd6 Rxd6 33. Ra2 Rc8 34. h3 Nd7 35. Nb4 Ne5 36. Na6 Be6 37. Raa1 Rxd2 38. Red1 Rxd1 39. Rxd1 Nd3 40. Rd2 Bc4 41. a4 Bb3 42. Re2 Bxa4 43. Rxe4 Bxb5 44. Nb4 Nxb4 45. Rxb4 Kb6 46. Kf3 a5 47. Rb1 a4 48. Ke3 Ka5 49. Kd2 a3 50. Ra1 Ka4 51. h4 Bd7 52. f3 h5 53. f4 Bf5 54. Ra2 Kb3 0-1

[Event "Llinars del Valles op 11th"]
[Site "Llinars del Valles"]
[Date "2017.04.29"]
[Round "2"]
[White "Navajas Alvarez, Josep"]
[Black "Chamorro Perea, Antoni"]
[Result "0-1"]
[WhiteElo "1551"]
[BlackElo "1768"]
[PlyCount "90"]
[EventDate "2017.04.22"]
[EventType "swiss"]
[EventRounds "9"]
[EventCountry "CAT"]
[SourceTitle "EXT 2018"]
[Source "ChessBase"]
[SourceDate "2017.10.13"]
[SourceVersion "1"]
[SourceVersionDate "2017.10.13"]
[SourceQuality "1"]

1. e4 c5 2. d4 cxd4 3. c3 d3 4. Bxd3 g6 5. Nf3 Bg7 6. 0-0 d6 7. c4 Nf6 8. Nc3 Nc6 9. Qe2 Bg4 10. Qe3 0-0 11. h3 Bd7 12. Rd1 a6 13. b3 Qc7 14. Bb2 Rfd8 15. a3 Rac8 16. Rac1 Be6 17. Rd2 Qb8 18. Nd5 Bxd5 19. exd5 Ne5 20. Be2 b5 21. Rdc2 bxc4 22. bxc4 Rd7 23. Nd4 Rb7 24. Ba1 Nfd7 25. Qf3 Rb1 26. Qe3 Nc5 27. Kh2 Rxc1 28. Qxc1 Rc7 29. f4 Ned7 30. Qd2 Nb3 31. Nxb3 Qxb3 32. Bxg7 Kxg7 33. Qc1 Nc5 34. Qa1+ f6 35. Rc3 Qa4 36. Bd1 Qd7 37. Bg4 Qa4 38. Bd1 Qa5 39. Be2 Rb7 40. Bd1 Qc7 41. Qa2 Qb8 42. Qe2 Kf8 43. Qe3 Rb2 44. Rc2 Qb3 45. Rxb2 Qxe3 0-1

[Event "Llinars del Valles op 11th"]
[Site "Llinars del Valles"]
[Date "2017.04.22"]
[Round "1"]
[White "Baltasar Diaz, Vicente"]
[Black "Navajas Alvarez, Josep"]
[Result "1-0"]
[WhiteElo "1833"]
[BlackElo "1551"]
[PlyCount "49"]
[EventDate "2017.04.22"]
[EventType "swiss"]
[EventRounds "9"]
[EventCountry "CAT"]
[SourceTitle "EXT 2018"]
[Source "ChessBase"]
[SourceDate "2017.10.13"]
[SourceVersion "1"]
[SourceVersionDate "2017.10.13"]
[SourceQuality "1"]

1. e4 c5 2. Nf3 a6 3. d3 Nc6 4. g3 g6 5. Bg2 Bg7 6. 0-0 d6 7. Nc3 Nf6 8. Bd2 0-0 9. Qc1 Re8 10. Bh6 Bh8 11. h3 Bd7 12. Ng5 Qc7 13. f4 e6 14. Kh2 Ne7 15. Qe3 d5 16. Qf3 d4 17. Nd1 Bc6 18. Qe2 b5 19. Nf2 Bd7 20. Ng4 Nxg4+ 21. Qxg4 e5 22. f5 Qc8 23. Nxf7 Qc7 24. Qg5 a5 25. Nxh8 1-0

[Event "Roncana op-A 10th"]
[Site "Santa Eulalia de Roncana"]
[Date "2016.11.12"]
[Round "7"]
[White "Navajas Alvarez, Josep"]
[Black "Batalle Mompart, Carles"]
[Result "1/2-1/2"]
[WhiteElo "1386"]
[BlackElo "1604"]
[PlyCount "40"]
[EventDate "2016.09.24"]
[EventType "swiss"]
[EventRounds "8"]
[EventCountry "ESP"]
[SourceTitle "EXT 2018"]
[Source "ChessBase"]
[SourceDate "2017.10.13"]
[SourceVersion "1"]
[SourceVersionDate "2017.10.13"]
[SourceQuality "1"]

1. c4 Nf6 2. Nc3 d5 3. cxd5 Nxd5 4. e4 Nf6 5. d4 Nc6 6. d5 Ne5 7. f4 Ng6 8. Nf3 e6 9. dxe6 Qxd1+ 10. Nxd1 Nxe4 11. exf7+ Kxf7 12. Bc4+ Be6 13. Bxe6+ Kxe6 14. 0-0 Bc5+ 15. Kh1 Rad8 16. Re1 Rxd1 17. Rxd1 Nf2+ 18. Kg1 Nxd1+ 19. Kf1 Ne3+ 20. Bxe3 Bxe3 1/2-1/2

[Event "ESP-ch U12"]
[Site "Granada"]
[Date "2016.07.08"]
[Round "7"]
[White "Duller Llopis, Jouke"]
[Black "Navajas Alvarez, Josep"]
[Result "1/2-1/2"]
[WhiteElo "1742"]
[BlackElo "1271"]
[PlyCount "61"]
[EventDate "2016.07.04"]
[EventType "swiss"]
[EventRounds "9"]
[EventCountry "ESP"]
[SourceTitle "EXT 2024"]
[Source "ChessBase"]
[SourceDate "2023.10.10"]
[SourceVersion "1"]
[SourceVersionDate "2023.10.10"]
[SourceQuality "1"]

1. d4 Nf6 2. Nf3 g6 3. Nbd2 c5 4. c3 cxd4 5. cxd4 d5 6. e3 Bg7 7. Bd3 0-0 8. 0-0 Nc6 9. a3 a6 10. b4 b5 11. Nb3 Nd7 12. Bb2 Bb7 13. Nc5 Nxc5 14. bxc5 Na5 15. Bc3 Nc4 16. a4 Qd7 17. axb5 axb5 18. Qb3 Bc6 19. Rxa8 Rxa8 20. Ra1 Rxa1+ 21. Bxa1 Qa7 22. Bc3 Qb7 23. Ne1 e5 24. Nc2 e4 25. Be2 f5 26. Nb4 Kf7 27. Qa2 Ke6 28. Qa6 Qxa6 29. Nxa6 Kd7 30. Kf1 Bb7 31. Nb4 1/2-1/2

[Event "Roncana op-B 9th"]
[Site "Santa Eulalia de Roncana"]
[Date "2015.10.24"]
[Round "3"]
[White "Carvajal Rodriguez, Juan"]
[Black "Navajas Alvarez, Josep"]
[Result "1-0"]
[WhiteElo "1733"]
[BlackElo "1828"]
[PlyCount "43"]
[EventDate "2015.10.03"]
[EventType "swiss"]
[EventRounds "8"]
[EventCountry "ESP"]
[SourceTitle "EXT 2017"]
[Source "ChessBase"]
[SourceDate "2016.10.25"]
[SourceVersion "1"]
[SourceVersionDate "2016.10.25"]
[SourceQuality "1"]

1. e4 c5 2. Bc4 d6 3. c3 Nf6 4. Qc2 g6 5. d4 Qc7 6. Bf4 Bg7 7. Nf3 cxd4 8. cxd4 Nxe4 9. Bxf7+ Kd8 10. Qxe4 e5 11. dxe5 Qxf7 12. Nc3 Re8 13. 0-0 Nc6 14. Bg5+ Kd7 15. Qd3 Bxe5 16. Rfe1 b6 17. Nb5 Qf8 18. Rac1 Bb7 19. Nxe5+ Rxe5 20. Rxe5 Nxe5 21. Rc7+ Ke8 22. Nxd6+ 1-0

[Event "Llinars del Valles op-B 8th"]
[Site "Llinars del Valles"]
[Date "2015.05.30"]
[Round "7"]
[White "Navajas Alvarez, Josep"]
[Black "Nunez Ortiz, Damia"]
[Result "0-1"]
[WhiteElo "1831"]
[BlackElo "1940"]
[PlyCount "52"]
[EventDate "2015.04.11"]
[EventType "swiss"]
[EventRounds "9"]
[EventCountry "ESP"]
[SourceTitle "EXT 2016"]
[Source "ChessBase"]
[SourceDate "2015.10.08"]
[SourceVersion "1"]
[SourceVersionDate "2015.10.08"]
[SourceQuality "1"]

1. e4 d5 2. exd5 Qxd5 3. Nc3 Qa5 4. d4 c6 5. Bc4 Nf6 6. Qe2 Bf5 7. Bd2 Qc7 8. Bb3 e6 9. Nf3 Nbd7 10. h3 0-0-0 11. 0-0-0 Bd6 12. Be3 Nb6 13. Rd2 Rhe8 14. Rhd1 Nfd5 15. Nxd5 exd5 16. Qf1 f6 17. g4 Be4 18. Ne1 Kb8 19. f3 Bg6 20. Nd3 Rxe3 21. Qf2 Re7 22. Kb1 Rde8 23. a3 Nc4 24. Bxc4 dxc4 25. Nc1 c3 26. bxc3 Bf4 0-1

[Event "Llinars del Valles op-B 8th"]
[Site "Llinars del Valles"]
[Date "2015.04.25"]
[Round "3"]
[White "Ayats Llobera, Quim"]
[Black "Navajas Alvarez, Josep"]
[Result "1/2-1/2"]
[WhiteElo "1781"]
[BlackElo "1831"]
[PlyCount "61"]
[EventDate "2015.04.11"]
[EventType "swiss"]
[EventRounds "9"]
[EventCountry "ESP"]
[SourceTitle "EXT 2016"]
[Source "ChessBase"]
[SourceDate "2015.10.08"]
[SourceVersion "1"]
[SourceVersionDate "2015.10.08"]
[SourceQuality "1"]

1. d4 Nf6 2. c4 e5 3. Nc3 exd4 4. Qxd4 Nc6 5. Qe3+ Qe7 6. Qxe7+ Bxe7 7. Bg5 0-0 8. e3 d6 9. Nf3 Bf5 10. e4 Nxe4 11. Bxe7 Nxe7 12. Nd5 Nxd5 13. cxd5 Rfe8 14. Be2 Bg4 15. 0-0 Bxf3 16. Bxf3 Nd2 17. Rfe1 Nxf3+ 18. gxf3 Kf8 19. Rxe8+ Rxe8 20. Rc1 Re7 21. b3 f5 22. a3 g5 23. Rc4 Kf7 24. Kg2 h5 25. h3 Kf6 26. Rc2 Ke5 27. Re2+ Kf6 28. Rc2 Rg7 29. Re2 Re7 30. Rc2 g4 31. f4 1/2-1/2

[Event "Roncana op-C U14 7th"]
[Site "Santa Eulalia de Roncana"]
[Date "2013.11.30"]
[Round "8"]
[White "Fernandez Ferreira, Eric"]
[Black "Navajas Alvarez, Josep"]
[Result "0-1"]
[WhiteElo "1700"]
[BlackElo "1788"]
[PlyCount "56"]
[EventDate "2013.10.05"]
[EventType "swiss"]
[EventRounds "8"]
[EventCountry "ESP"]
[SourceTitle "EXT 2015"]
[Source "ChessBase"]
[SourceDate "2014.11.20"]
[SourceVersion "1"]
[SourceVersionDate "2014.11.20"]
[SourceQuality "1"]

1. e4 c5 2. Qh5 Nf6 3. Qe5 d6 4. Bb5+ Nc6 5. Bxc6+ bxc6 6. Qc3 e5 7. d3 Be7 8. Bg5 0-0 9. Bxf6 Bxf6 10. Nf3 Bg4 11. Nbd2 d5 12. exd5 cxd5 13. 0-0 e4 14. dxe4 Bxc3 15. bxc3 dxe4 16. Nc4 exf3 17. h3 fxg2 18. Kxg2 Be2 19. Rfe1 Bxc4 20. Red1 Bd5+ 21. Kf1 Re8 22. Re1 Bf3 23. Re3 Rxe3 24. fxe3 Qa5 25. Rb1 Qxc3 26. Kf2 Bh5 27. a3 Qxc2+ 28. Ke1 Qe2# 0-1

[Event "Roncana op-C U14 7th"]
[Site "Santa Eulalia de Roncana"]
[Date "2013.10.19"]
[Round "3"]
[White "Lopez Nadal, Alex"]
[Black "Navajas Alvarez, Josep"]
[Result "1-0"]
[WhiteElo "1796"]
[BlackElo "1788"]
[PlyCount "29"]
[EventDate "2013.10.05"]
[EventType "swiss"]
[EventRounds "8"]
[EventCountry "ESP"]
[SourceTitle "EXT 2015"]
[Source "ChessBase"]
[SourceDate "2014.11.20"]
[SourceVersion "1"]
[SourceVersionDate "2014.11.20"]
[SourceQuality "1"]

1. e4 c5 2. Nf3 d6 3. d4 cxd4 4. Nxd4 Nf6 5. Nc3 g6 6. Be3 Bg7 7. f3 0-0 8. Qd2 h6 9. Bxh6 Bxh6 10. Qxh6 Qb6 11. 0-0-0 e5 12. Nb3 Nfd7 13. Nd5 Nc6 14. h4 Nd4 15. Ne7# 1-0